| 000 | 00375 a2200169 4500 | ||
|---|---|---|---|
| 001 | 191986 | ||
| 020 | _a978-85-7153-261-8 | ||
| 040 | _cMagnum | ||
| 100 | _aQueiros, Bartolomeu Campos | ||
| 240 | 1 | 0 |
_aMais com mais dá menos _lpor |
| 245 | 1 | 0 | _aMais com mais dá menos |
| 300 | _a32 | ||
| 362 | 0 | _a2011 | |
| 440 | 1 | _aRHJ | |
| 697 | _aLITERATURA JUVENIL | ||
| 942 | _cBK | ||
| 999 |
_c191986 _d191986 |
||